000
00472nam a2200169Ia 4500
008
090124s9999 xx 000 0 und d
082
_b
2579
100
_a
प्रफुल्लदत्त
245
_a
लाटालहरी
250
_a
0
300
_a
48
600
_a
प्रफुल्लदत्त
630
_a
लाटालहरी
700
_a
प्रफुल्लदत्त
730
_a
लाटालहरी
942
_c
BOOK
999
_c
82503
_d
82503